[Event "FIDE World Rapid Team"]
[Site "London ENG"]
[Date "2025.06.13"]
[Round "9.2"]
[White "Eken, Atakan"]
[Black "Florstedt, Johannes"]
[Result "1/2-1/2"]
[WhiteElo "2003"]
[BlackElo "2334"]
[EventDate "2025.06.11"]
[Board "3"]

1. Nf3 c5 2. b3 d6 3. Bb2 e5 4. d3 Nc6 5. g3 f5 6. Bg2 Nf6 7. O-O Be7 8. c4
O-O 9. Nc3 Qe8 10. e3 Qh5 11. Nd2 Qh6 12. Nd5 Bd8 13. a3 Be6 14. Nxf6+ Bxf6
15. b4 Rac8 16. b5 Nd8 17. a4 g5 18. Qe2 Rc7 19. Rab1 Rg7 20. f4 gxf4 21.
exf4 b6 22. a5 Nf7 23. axb6 axb6 24. Rf2 Rg6 25. Nf1 Qg7 26. Ra1 Nh6 27.
fxe5 Bxe5 28. Bxe5 dxe5 29. Bh3 Ng4 30. Bxg4 Rxg4 31. Re1 e4 32. h3 Rg6 33.
Kh2 f4 34. g4 Bxg4 35. hxg4 Qh6+ 36. Kg1 f3 37. Qxe4 Qh4 38. Nh2 Qg3+ 39.
Kf1 Qh3+ 40. Kg1 Qg3+ 41. Kf1 1/2-1/2

[Event "FIDE World Rapid Team"]
[Site "London ENG"]
[Date "2025.06.13"]
[Round "9.2"]
[White "Schulze, Lara"]
[Black "Tahaoglu, Ugur Barkin"]
[Result "1-0"]
[WhiteElo "2211"]
[BlackElo "1959"]
[EventDate "2025.06.11"]
[Board "4"]

1. e4 e5 2. Nf3 Nc6 3. Bc4 Nf6 4. d3 h6 5. c3 d6 6. O-O g6 7. d4 Qe7 8. Re1
Bg7 9. h3 O-O 10. a4 a5 11. Na3 Nh5 12. Nb5 Na7 13. Nxa7 Rxa7 14. Be3 Ra8
15. Qd2 Kh7 16. b4 Bd7 17. dxe5 axb4 18. cxb4 Qe8 19. g4 dxe5 20. gxh5 Bxh3
21. hxg6+ fxg6 22. Nh2 Rxa4 23. Rxa4 Qxa4 24. Bf1 Be6 25. Qc3 Qd7 26. Rc1
c6 27. Be2 Ra8 28. Ra1 Rf8 29. Rd1 Qf7 30. Bc5 Ra8 31. Qf3 Qe8 32. Ng4 b6
33. Bxb6 Qe7 34. Bc5 Qg5 35. Qg3 Ra2 36. Bf3 Ra3 37. Be3 Qe7 38. Nxe5 g5
39. Nxc6 Qf6 40. e5 Qg6 41. Qg2 Kg8 42. Ne7+ 1-0

[Event "FIDE World Rapid Team"]
[Site "London ENG"]
[Date "2025.06.13"]
[Round "9.2"]
[White "Kalender, Murat Emre"]
[Black "Rath, Alina"]
[Result "0-1"]
[WhiteElo "1755"]
[BlackElo "2038"]
[EventDate "2025.06.11"]
[Board "5"]

1. d4 d5 2. Bf4 e6 3. Nf3 Nf6 4. e3 c5 5. c3 Bd6 6. Bg3 O-O 7. Nbd2 Qc7 8.
Bd3 Nbd7 9. e4 dxe4 10. Nxe4 Nxe4 11. Bxe4 Nf6 12. Bc2 Rd8 13. Bh4 Be7 14.
Qd3 g6 15. Bg3 Qb6 16. O-O Bd7 17. a4 cxd4 18. Qxd4 Qxb2 19. Rfc1 Bc6 20.
Qh4 Bxf3 21. gxf3 Nd5 22. Qh6 Bf8 23. Qg5 Qb6 24. Be5 Bg7 25. Rcb1 Qc6 26.
Be4 Bxe5 27. Qxe5 Qxc3 28. Qxc3 Nxc3 29. Rxb7 Nxe4 30. fxe4 Rdb8 31. Rc7
Rb4 32. f3 a5 33. Rd1 Rxa4 34. Rdd7 Rf8 35. Ra7 Ra3 36. Kg2 Kg7 37. Kg3 g5
38. Kg4 Kg6 39. h4 h5+ 40. Kg3 g4 41. Kf2 Rxf3+ 42. Kg2 Ra3 43. Rdb7 Rh3
44. Rxa5 Rxh4 45. Rbb5 Rh3 46. Rg5+ Kh6 47. Rgb5 Rc8 48. Rb2 Rcc3 49. Raa2
Rcg3+ 50. Kf1 h4 51. Rc2 Rh1+ 52. Kf2 Rh2+ 53. Kf1 Rxc2 54. Rxc2 Re3 55.
Rc7 Kg6 56. Rc4 h3 57. Kf2 Rf3+ 58. Kg1 g3 59. e5 Ra3 60. Rc1 Re3 61. Rf1
Rxe5 62. Rc1 f5 63. Kh1 f4 64. Rg1 Re2 65. Rd1 Kg5 66. Ra1 Kg4 67. Rb1 f3
68. Rb4+ Kf5 69. Rb1 Rh2+ 70. Kg1 f2+ 71. Kf1 Rh1+ 72. Ke2 Rxb1 73. Kf3
f1=Q+ 74. Kxg3 Qg2+ 0-1

[Event "FIDE World Rapid Team"]
[Site "London ENG"]
[Date "2025.06.13"]
[Round "9.2"]
[White "Ziems, Michael"]
[Black "Demir, Aleyna"]
[Result "1-0"]
[WhiteElo "1890"]
[BlackElo "1591"]
[EventDate "2025.06.11"]
[Board "6"]

1. d4 Nf6 2. c4 d5 3. Nc3 c6 4. Nf3 Nbd7 5. Bf4 Nb6 6. c5 Nc4 7. Qc2 g6 8.
e3 Bf5 9. Qb3 Na5 10. Qa4 b5 11. Nxb5 cxb5 12. Bxb5+ Nd7 13. c6 Nxc6 14.
Bxc6 Rc8 15. O-O Bg7 16. Rac1 O-O 17. Qxa7 Nf6 18. b4 Bd3 19. Rfe1 Nh5 20.
Be5 f6 21. Bc7 Rxc7 22. Qxc7 Bc4 23. Qxd8 Rxd8 24. g4 Bxa2 25. gxh5 gxh5
26. b5 Bc4 27. b6 Kf7 28. b7 Bd3 29. Bxd5+ e6 30. Rc7+ Kg6 31. Bxe6 Be4 32.
Nd2 Bxb7 33. Rxb7 1-0

[Event "FIDE World Rapid Team"]
[Site "London ENG"]
[Date "2025.06.13"]
[Round "9.3"]
[White "Grahn, Vidar"]
[Black "Kogan, Arthur"]
[Result "0-1"]
[WhiteElo "2201"]
[BlackElo "2455"]
[EventDate "2025.06.11"]
[Board "1"]

1. d4 Nf6 2. c4 c5 3. d5 e5 4. Nc3 d6 5. g3 h5 6. Nf3 Be7 7. Bg2 Nbd7 8. e4
a6 9. a4 Nf8 10. Nh4 g6 11. f4 exf4 12. Bxf4 Ng4 13. Nf3 g5 14. h3 gxf4 15.
hxg4 Bxg4 16. gxf4 Ng6 17. Qd2 Bf6 18. O-O-O Bxf3 19. Bxf3 Nxf4 20. Kb1 Be5
21. Ne2 Nxe2 22. Qxe2 Qa5 23. Bxh5 O-O-O 24. Qc2 b5 25. Bxf7 bxa4 26. Be6+
Kc7 27. Rxh8 Rxh8 28. Rf1 Rh2 29. Rf7+ Kb6 30. Bc8 Qe1+ 31. Ka2 Re2 32.
Qxe2 0-1

[Event "FIDE World Rapid Team"]
[Site "London ENG"]
[Date "2025.06.13"]
[Round "9.3"]
[White "Krivenko, Dion"]
[Black "Strom-Engdahl, Alexander"]
[Result "1/2-1/2"]
[WhiteElo "2221"]
[BlackElo "2113"]
[EventDate "2025.06.11"]
[Board "2"]

1. Nc3 c5 2. d4 cxd4 3. Qxd4 Nc6 4. Qd3 g6 5. e4 Bg7 6. Nf3 d6 7. Be2 Nf6
8. O-O O-O 9. Nd5 Nxd5 10. exd5 Ne5 11. Nxe5 dxe5 12. Qb3 Qc7 13. c4 e6 14.
Bd2 Rd8 15. Rfd1 exd5 16. cxd5 Bf5 17. Rac1 Qb6 18. Be3 Qxb3 19. axb3 Be4
20. Bc4 b5 21. Bxb5 Rxd5 22. Bc4 Rxd1+ 23. Rxd1 Bf5 24. Bd5 Rc8 25. Bxa7 e4
26. h3 Rc7 27. Be3 Rd7 28. Ra1 Bxb2 29. Ra8+ Kg7 30. Bc4 Be5 31. g4 Be6 32.
Bxe6 fxe6 33. Ra4 Rb7 34. Rxe4 Bc3 35. Rc4 Ba5 36. Ra4 Bc3 37. Ra7 Rxa7 38.
Bxa7 Bb4 39. Bd4+ Kf7 40. Kf1 Ke7 41. Ke2 Kd6 42. Kd3 Kd5 43. f4 Bd6 44.
Be5 Bb4 45. g5 Ba5 46. Ke3 Bb6+ 47. Kd3 Ba5 48. Bc3 Bc7 49. Bd2 e5 50. fxe5
Bxe5 51. b4 Bd6 52. b5 Bb8 53. Be3 Bd6 54. b6 Bb8 55. b7 Kc6 56. Ke4 Kxb7
57. Kd5 Kc8 58. Ke6 Kd8 59. Kf7 Kd7 60. Bd4 Bf4 61. Bf6 h6 62. gxh6 Bxh6
63. Kxg6 Be3 64. h4 Ke8 65. Bg5 Bd4 66. Bh6 Bc3 67. h5 Bd4 68. Bg7 Be3 69.
Bh6 Bd4 70. Bg5 Kf8 71. h6 Kg8 72. Be7 Kh8 73. Bd6 Kg8 74. Bb4 Bg7 75. hxg7
1/2-1/2

[Event "FIDE World Rapid Team"]
[Site "London ENG"]
[Date "2025.06.13"]
[Round "9.3"]
[White "Frank, Anton"]
[Black "Sason, Noam"]
[Result "0-1"]
[WhiteElo "2110"]
[BlackElo "2077"]
[EventDate "2025.06.11"]
[Board "3"]

1. e4 c5 2. Nf3 a6 3. c4 Nc6 4. d4 cxd4 5. Nxd4 Nf6 6. Nc3 e5 7. Nf5 d5 8.
cxd5 Bxf5 9. exf5 Nd4 10. Bd3 Be7 11. O-O O-O 12. Re1 Nxd5 13. Nxd5 Qxd5
14. Be3 Rad8 15. Bb1 Qa5 16. Be4 Bb4 17. Rf1 Nxf5 18. Qb1 Nxe3 19. Bxh7+
Kh8 20. fxe3 Qb6 21. Be4 Qxe3+ 22. Kh1 Qg5 23. Rf5 Qg4 24. Bf3 Qg6 25. Qe4
Rd4 26. Qc2 Rh4 27. Rc1 e4 28. Bxe4 Qh6 29. Rf3 Rxh2+ 30. Kg1 Rh1+ 31. Kf2
Rxc1 32. Qb3 Bc5+ 33. Ke2 Rh1 34. Qd5 b6 35. Qb3 Rd8 36. Qc2 Qh4 37. Qc3
Qxe4+ 0-1

[Event "FIDE World Rapid Team"]
[Site "London ENG"]
[Date "2025.06.13"]
[Round "9.3"]
[White "Blokhin, Sofia"]
[Black "Nilsson, Oliver"]
[Result "1-0"]
[WhiteElo "2099"]
[BlackElo "2043"]
[EventDate "2025.06.11"]
[Board "4"]

1. d4 Nf6 2. c4 g6 3. Nc3 Bg7 4. e4 d6 5. f3 O-O 6. Be3 c5 7. d5 e6 8. Qd2
exd5 9. cxd5 a6 10. a4 Re8 11. Be2 Qc7 12. Rc1 b6 13. b3 Bd7 14. Bd3 b5 15.
axb5 axb5 16. Nxb5 Qb6 17. Nc3 Na6 18. Bc4 Nb4 19. Nge2 Ra3 20. O-O Rea8
21. h3 Ne8 22. f4 Nc7 23. f5 gxf5 24. exf5 Be5 25. f6 Kf8 26. Bf4 Ra2 27.
Nxa2 Rxa2 28. Bh6+ Ke8 29. Qg5 Kd8 30. Qg8+ Be8 31. Nf4 Bxf4 32. Bxf4 Ncxd5
33. Rfe1 Qc6 34. Bxd6 Rxg2+ 35. Qxg2 Qxd6 36. Bxd5 Nxd5 37. Rxe8+ Kxe8 38.
Rd1 Qf4 39. Rxd5 Qc1+ 40. Kh2 Qf4+ 41. Kh1 Qc1+ 42. Qg1 Qh6 43. Qg8+ 1-0

[Event "FIDE World Rapid Team"]
[Site "London ENG"]
[Date "2025.06.13"]
[Round "9.3"]
[White "Ostensson, Julia"]
[Black "Agafonov, Yuri Dr"]
[Result "0-1"]
[WhiteElo "1966"]
[BlackElo "1987"]
[EventDate "2025.06.11"]
[Board "5"]

1. d4 e6 2. c4 f5 3. g3 Nf6 4. Bg2 Bb4+ 5. Bd2 a5 6. Bxb4 axb4 7. Nf3 O-O
8. O-O b6 9. Ne5 Ra7 10. Qb3 c5 11. Rd1 Qc7 12. e3 d6 13. Nf3 e5 14. Nbd2
f4 15. dxe5 dxe5 16. exf4 exf4 17. Re1 Nc6 18. a3 Bf5 19. Rad1 Na5 20. Qa2
Bc2 21. Ne5 Bxd1 22. Rxd1 Qxe5 23. axb4 Nc6 24. Qb3 Nxb4 25. Nf3 Qh5 26.
Re1 Re8 27. Rxe8+ Qxe8 28. gxf4 Ra1+ 29. Bf1 Qe4 30. Kg2 Nh5 0-1

[Event "FIDE World Rapid Team"]
[Site "London ENG"]
[Date "2025.06.13"]
[Round "9.3"]
[White "Kiritshenko, Platon"]
[Black "Letoret, Tim"]
[Result "0-1"]
[WhiteElo "1732"]
[BlackElo "1794"]
[EventDate "2025.06.11"]
[Board "6"]

1. c4 c5 2. Nc3 Nc6 3. g3 g6 4. Bg2 Bg7 5. Nf3 e5 6. O-O Nge7 7. Nd5 O-O 8.
d3 d6 9. Rb1 Be6 10. e4 Rb8 11. a3 a5 12. Qb3 f5 13. Rd1 h6 14. h4 f4 15.
gxf4 Bg4 16. Rf1 Bxf3 17. Bxf3 Nd4 18. Qd1 Nxd5 19. cxd5 exf4 20. Kg2 Qxh4
21. Rh1 Qf6 22. Kf1 b5 23. b4 axb4 24. axb4 Nxf3 25. Qxf3 Qd4 26. bxc5 Qxc5
27. Kg2 Qc2 28. Ba3 Qc7 29. Rbc1 Qd7 30. Bb4 g5 31. Rc6 Rf6 32. Rhc1 g4 33.
Qd1 f3+ 34. Kf1 g3 35. Ke1 h5 36. Rc7 Qh3 37. Kd2 Bh6+ 38. Kc2 Bxc1 39.
Qxc1 Qg4 40. Bc3 Rf7 41. Rxf7 Kxf7 42. Qh6 Rg8 43. Qf6+ Ke8 44. Qxd6 g2 45.
Qb8+ Kf7 46. Qc7+ Kg6 47. Qd6+ Kh7 48. Qe7+ Rg7 49. Bxg7 Qxg7 50. Qh4 g1=Q
51. Qxh5+ Kg8 52. Qe8+ Qf8 53. Qe6+ Qf7 54. Qc8+ Kg7 55. Qc3+ Kg6 56. Qc6+
Kg5 57. Qc5 Qf4 58. Qe7+ Qf6 59. Qc5 Qe5 60. Qa7 Qga1 61. Qe3+ Kg4 62. d4
Qaxd4 63. Qb3 Qexe4+ 64. Kc1 Qe1+ 65. Kc2 Qdd2# 0-1

[Event "FIDE World Rapid Team"]
[Site "London ENG"]
[Date "2025.06.13"]
[Round "9.4"]
[White "Vaidyanathan, Adithya"]
[Black "Turner, Matthew J"]
[Result "0-1"]
[WhiteElo "2147"]
[BlackElo "2506"]
[EventDate "2025.06.11"]
[Board "1"]

1. d4 Nf6 2. c4 e6 3. Nf3 b6 4. Nc3 Bb4 5. Qb3 c5 6. dxc5 Bxc5 7. Bg5 Nc6
8. e3 h6 9. Bh4 O-O 10. Be2 Bb7 11. O-O Rc8 12. Ne4 Be7 13. Bxf6 gxf6 14.
Ned2 d5 15. cxd5 Na5 16. Qa4 Qxd5 17. Rfd1 Rfd8 18. Qf4 Kg7 19. Nf1 Qe4 20.
Rxd8 Qxf4 21. Rxc8 Qb4 22. Rc2 Be4 23. Rd2 f5 24. Rad1 Bf6 25. b3 Bc3 26.
Rd7 Qa3 27. Rxa7 Qxa2 28. Ng3 Qxb3 29. Rdd7 Qb1+ 30. Bf1 Nc6 31. Rxf7+ Kg8
32. Rad7 Bxf3 33. gxf3 Ne5 34. Rg7+ Kf8 35. Rh7 Nxd7 36. Rxd7 Be1 37. Kg2
Qc2 38. Be2 b5 39. Rd1 Bc3 40. Rd8+ Ke7 41. Rb8 b4 42. Rb7+ Kd6 43. Bc4 Be1
44. Be2 b3 45. Kf1 Ba5 46. Rb5 b2 47. Rxa5 b1=Q+ 48. Kg2 Qb8 49. Ra6+ Ke7
50. Ra1 h5 51. h4 f4 52. exf4 Qxf4 53. Ra7+ Kd8 54. Ra8+ Kc7 55. Rh8 Qxh4
56. Bf1 Qd4 57. Rxh5 Qdxf2+ 58. Kh3 Qh2+ 59. Kg4 Qg6+ 60. Rg5 Qxg5+ 61.
Kxg5 Qxg3+ 0-1

[Event "FIDE World Rapid Team"]
[Site "London ENG"]
[Date "2025.06.13"]
[Round "9.4"]
[White "Parker, Jonathan F"]
[Black "Yu, Rock"]
[Result "1-0"]
[WhiteElo "2506"]
[BlackElo "2091"]
[EventDate "2025.06.11"]
[Board "2"]

1. d4 Nf6 2. c4 e6 3. Nc3 Bb4 4. Nf3 b6 5. Bg5 Bb7 6. e3 h6 7. Bh4 c5 8.
Bd3 O-O 9. O-O cxd4 10. exd4 Nc6 11. d5 Ne7 12. Bxf6 gxf6 13. Ne4 Ng6 14.
a3 f5 15. axb4 fxe4 16. Bxe4 f5 17. Bc2 Qf6 18. Qd4 e5 19. Qc3 Nf4 20. Qxe5
Qxe5 21. Nxe5 Ne2+ 22. Kh1 Nd4 23. Bd3 a5 24. Nxd7 Rf7 25. Nxb6 Ra6 26. c5
Rxb6 27. cxb6 axb4 28. Ra4 Bxd5 29. Rxb4 Rg7 30. Bc4 1-0

[Event "FIDE World Rapid Team"]
[Site "London ENG"]
[Date "2025.06.13"]
[Round "9.4"]
[White "Murawski, Jan"]
[Black "Dishman, Stephen"]
[Result "0-1"]
[WhiteElo "1985"]
[BlackElo "2266"]
[EventDate "2025.06.11"]
[Board "3"]

1. d4 d5 2. c4 c6 3. Nc3 Nf6 4. Nf3 dxc4 5. a4 e6 6. Ne5 c5 7. e3 cxd4 8.
exd4 Nc6 9. Nxc6 bxc6 10. Bxc4 a5 11. Qd3 Be7 12. O-O O-O 13. Be3 Qd6 14.
Ne4 Nxe4 15. Qxe4 Ba6 16. Rac1 Bxc4 17. Rxc4 Qd5 18. Qxd5 cxd5 19. Rc7 Bf6
20. Rc5 Rfb8 21. Rfc1 h6 22. Rb5 Rxb5 23. axb5 Rb8 24. Rc5 Be7 25. Bf4 Bxc5
26. Bxb8 Bxd4 27. Bc7 Bxb2 28. Bxa5 Be5 29. Bb6 Bb8 30. Kf1 Kf8 31. Bc5+
Ke8 32. g3 e5 33. Ke2 h5 34. Kd3 Kd7 35. h3 Bd6 36. Bb6 Kc8 37. f4 f6 38.
f5 Be7 39. g4 hxg4 40. hxg4 Kb7 41. Ba5 Bc5 42. Bd8 Kc8 43. Ba5 Kd7 44. Bd2
Kd6 45. g5 e4+ 46. Ke2 Bd4 47. Bf4+ Be5 48. Bc1 fxg5 49. Bxg5 Kc5 50. Ke3
Kxb5 51. Bd8 Kc4 52. Bb6 Bf6 53. Ba7 Bg5+ 54. Ke2 d4 55. Bb8 d3+ 56. Ke1 e3
57. Bg3 Kd4 58. Kd1 Ke4 59. f6 gxf6 60. Be1 e2# 0-1

[Event "FIDE World Rapid Team"]
[Site "London ENG"]
[Date "2025.06.13"]
[Round "9.4"]
[White "Lishoy Gengis Paratazham, Dildarav"]
[Black "Zhu, Pengxiao"]
[Result "1/2-1/2"]
[WhiteElo "2035"]
[BlackElo "1984"]
[EventDate "2025.06.11"]
[Board "4"]

1. Nf3 Nf6 2. g3 e6 3. Bg2 c5 4. O-O d5 5. d3 Nc6 6. Nbd2 Be7 7. e4 dxe4 8.
Nxe4 O-O 9. Qe2 Nd5 10. Nc3 Bf6 11. Bd2 b6 12. Rab1 Bb7 13. a3 Nxc3 14.
Bxc3 Bxc3 15. bxc3 Qf6 16. Ne5 Nxe5 17. Bxb7 Rad8 18. Be4 Ng6 19. Qd2 Rd6
20. c4 Rfd8 21. Qe3 Qc3 22. Qe2 Ne7 23. Rb3 Qa5 24. Rfb1 Qa4 25. Qh5 g6 26.
Qe5 Nc6 27. Bxc6 Rxc6 28. h4 h5 29. Re1 Rcd6 30. Re3 Qc6 31. Qe4 1/2-1/2

[Event "FIDE World Rapid Team"]
[Site "London ENG"]
[Date "2025.06.13"]
[Round "9.4"]
[White "Longson, Sarah N"]
[Black "Dishman, Matthew"]
[Result "1-0"]
[WhiteElo "2045"]
[BlackElo "1901"]
[EventDate "2025.06.11"]
[Board "5"]

1. e4 c5 2. Nc3 e6 3. f4 Nc6 4. Nf3 d5 5. Bb5 Ne7 6. Ne5 a6 7. Nxc6 Nxc6 8.
Bxc6+ bxc6 9. d3 Be7 10. O-O O-O 11. b3 f6 12. Na4 dxe4 13. dxe4 Qd4+ 14.
Qxd4 cxd4 15. Bb2 e5 16. fxe5 fxe5 17. Rxf8+ Bxf8 18. Nb6 Rb8 19. Nc4 Rb5
20. a4 Rc5 21. Ba3 Rxc4 22. bxc4 c5 23. Rb1 Bd7 24. a5 Ba4 25. Rb2 Bc6 26.
Rb8 Kf7 27. Rc8 Bxe4 28. Bxc5 Bxc5 29. Rxc5 Kf6 30. Kf2 Bxc2 31. Rc6+ Kf5
32. Rxa6 e4 33. Rd6 e3+ 34. Ke2 Ke5 35. c5 Ba4 36. a6 Bb5+ 37. Ke1 Bd3 38.
a7 Be4 39. c6 Kxd6 40. a8=Q Bxc6 41. Qa3+ Kd5 42. Qd3 Ke5 43. g3 Be4 44.
Qb5+ Bd5 45. Ke2 Ke4 46. Qd3+ Ke5 47. Qxh7 Bc4+ 48. Ke1 d3 49. Qxg7+ Ke4
50. Qg4+ Kd5 51. Qg5+ 1-0

[Event "FIDE World Rapid Team"]
[Site "London ENG"]
[Date "2025.06.13"]
[Round "9.4"]
[White "Regan, Natasha K"]
[Black "Veselow, Zoe"]
[Result "1/2-1/2"]
[WhiteElo "1905"]
[BlackElo "1775"]
[EventDate "2025.06.11"]
[Board "6"]

1. Nf3 c5 2. c4 e6 3. g3 Nf6 4. Bg2 Nc6 5. Nc3 Be7 6. e4 d6 7. d4 cxd4 8.
Nxd4 Bd7 9. O-O O-O 10. Ndb5 Qb8 11. Bf4 e5 12. Bg5 Rd8 13. Bxf6 Bxf6 14.
Qxd6 Qxd6 15. Nxd6 Be6 16. c5 b6 17. Ndb5 Bc4 18. Rfc1 bxc5 19. b3 Bxb5 20.
Nxb5 Be7 21. Nc7 Rac8 22. Nd5 Bd6 23. Bh3 Rb8 24. Rc4 Nb4 25. Nxb4 1/2-1/2

[Event "FIDE World Rapid Team"]
[Site "London ENG"]
[Date "2025.06.13"]
[Round "9.5"]
[White "O`gorman, Tom"]
[Black "Momunaliev, Ruslan"]
[Result "0-1"]
[WhiteElo "2257"]
[BlackElo "2070"]
[EventDate "2025.06.11"]
[Board "1"]

1. e4 c5 2. Nf3 a6 3. g3 Nc6 4. Bg2 Nf6 5. d4 cxd4 6. Nxd4 e5 7. Nf5 d5 8.
exd5 Bxf5 9. dxc6 Qxd1+ 10. Kxd1 O-O-O+ 11. Ke1 bxc6 12. c3 Bc5 13. Bg5 Ng4
14. Bxd8 Rxd8 15. Bh3 Bxf2+ 16. Ke2 Bb6 17. Na3 Bd3+ 18. Kf3 f5 19. Rhe1
Nf2 20. Bf1 Be4+ 21. Ke2 f4 22. Rec1 f3+ 23. Ke1 Nd3+ 24. Bxd3 Bxd3 25. Rc2
Bxc2 26. Nxc2 e4 27. Na3 e3 28. Nc4 Ba7 29. a4 e2 30. a5 Bc5 31. b4 Bg1 32.
Ne5 f2+ 33. Kxe2 Re8 34. Kf1 Rxe5 35. Rc1 g5 36. Rd1 Kc7 37. Rc1 g4 38. Rd1
h5 39. Rc1 Rf5 40. Rc2 Rf3 41. c4 Rb3 42. Rc1 Rxb4 43. Kg2 Ra4 44. h3 gxh3+
45. Kxh3 Rxc4 46. Rd1 Rd4 47. Rc1 Re4 0-1

[Event "FIDE World Rapid Team"]
[Site "London ENG"]
[Date "2025.06.13"]
[Round "9.5"]
[White "Kurbanbaev, Zalkar"]
[Black "Goh, Jinghan Cameron"]
[Result "1-0"]
[WhiteElo "1848"]
[BlackElo "1992"]
[EventDate "2025.06.11"]
[Board "2"]

1. e4 c5 2. Nf3 e6 3. d4 cxd4 4. Nxd4 a6 5. Bd3 Bc5 6. Nb3 Ba7 7. Nc3 Nc6
8. Qe2 Nge7 9. Be3 b5 10. O-O O-O 11. a3 Ne5 12. f4 Nxd3 13. Qxd3 Bxe3+ 14.
Qxe3 f5 15. Rad1 Qc7 16. Qc5 Qxc5+ 17. Nxc5 Ra7 18. e5 Rc7 19. b4 Kf7 20.
Rd6 Nc6 21. Rb1 Ke7 22. Rb3 g5 23. g3 gxf4 24. gxf4 Rg8+ 25. Kf2 Na5 26.
Rb1 Rg4 27. Ne2 Nc4 28. Rd3 a5 29. Rh3 Nxa3 30. Rxh7+ Ke8 31. Rd1 axb4 32.
Nxe6 Rxc2 33. Nd4 Rc4 34. h3 Rg6 35. Rd3 Bb7 36. Rh8+ Kf7 37. Nxf5 Rg2+ 38.
Kf1 Be4 39. Nd6+ Kg7 40. Nxe4 Rxe4 41. Kxg2 Kxh8 42. Kf3 Rc4 43. f5 Kg8 44.
f6 Kf8 45. Rxd7 b3 46. e6 Rc8 47. Nf4 b2 48. Ng6+ Ke8 49. f7# 1-0

[Event "FIDE World Rapid Team"]
[Site "London ENG"]
[Date "2025.06.13"]
[Round "9.5"]
[White "Gallagher, Daniel Gh"]
[Black "Beknazarov, Emir"]
[Result "1-0"]
[WhiteElo "2063"]
[BlackElo "1870"]
[EventDate "2025.06.11"]
[Board "3"]

1. Nf3 Nf6 2. g3 d5 3. Bg2 Bg4 4. c4 c6 5. O-O e6 6. Qb3 Qb6 7. d3 Nbd7 8.
cxd5 Qxb3 9. axb3 Nxd5 10. h3 Bxf3 11. Bxf3 Be7 12. Nd2 O-O 13. Nc4 Bf6 14.
Rd1 Nb4 15. e3 Nc5 16. Na5 Rab8 17. d4 Nd7 18. Bd2 Nd5 19. e4 Nc7 20. Bf4
e5 21. dxe5 Nxe5 22. Bg2 Ne6 23. Be3 b6 24. Nc4 Nxc4 25. bxc4 Bxb2 26. Rxa7
c5 27. Rdd7 h6 28. f4 b5 29. cxb5 Rxb5 30. e5 Bd4 31. Bxd4 Nxd4 32. Bd5
Rfb8 33. Rxf7 Rb1+ 34. Kf2 R1b2+ 35. Ke3 Nc2+ 36. Ke4 R8b4+ 37. Kf5 Ne3+
38. Kg6 Nxd5 39. Rxg7+ Kf8 40. Raf7+ Ke8 41. Rg8# 1-0

[Event "FIDE World Rapid Team"]
[Site "London ENG"]
[Date "2025.06.13"]
[Round "9.5"]
[White "Muradylov, Baiel"]
[Black "Rushbrooke, Remy"]
[Result "1/2-1/2"]
[WhiteElo "1834"]
[BlackElo "2055"]
[EventDate "2025.06.11"]
[Board "4"]

1. d4 d5 2. Nf3 Nf6 3. c4 c6 4. g3 e6 5. Bg2 Nbd7 6. O-O Be7 7. Nbd2 O-O 8.
Qc2 b6 9. e4 dxe4 10. Nxe4 Bb7 11. Rd1 Qc8 12. Ne5 Nxe4 13. Qxe4 Nf6 14.
Nxc6 Bxc6 15. Qxc6 Qxc6 16. Bxc6 Rac8 17. d5 exd5 18. Bxd5 Nxd5 19. cxd5
Rc2 20. Bf4 g5 21. Be5 Bc5 22. Bd4 Rd8 23. Bxc5 Rxc5 24. d6 Rc6 25. Rd5
Rdxd6 26. Rxg5+ Kf8 27. Rf5 Rd2 28. b4 Rcc2 29. a4 Rb2 30. b5 Ra2 31. Rxa2
Rxa2 32. Rf4 Kg7 33. Kg2 Kg6 34. Kf3 Ra3+ 35. Kg4 h5+ 36. Kh4 Ra2 37. h3 f6
38. g4 hxg4 39. hxg4 Ra3 40. f3 Ra2 41. Rd4 Ra3 42. Kg3 Kg5 43. Rf4 Ra2 44.
Re4 Ra3 45. Rd4 Kg6 46. Kf4 Rb3 47. Ke4 Ra3 48. Kd5 Rxf3 49. Kc6 Re3 50.
Rc4 Kg5 51. Rd4 Re6+ 52. Kd7 Re3 53. Kd6 Rg3 54. Kc6 Rxg4 55. Rd5+ f5 56.
a5 bxa5 57. Kb7 a4 58. Kxa7 a3 59. Rd1 a2 60. Ra1 Ra4+ 61. Kb7 f4 62. b6
Ra3 63. Kc7 Rc3+ 64. Kd6 Rb3 65. Kc7 Rc3+ 66. Kd6 Rb3 67. Kc7 1/2-1/2

[Event "FIDE World Rapid Team"]
[Site "London ENG"]
[Date "2025.06.13"]
[Round "9.5"]
[White "Hng, Mei-Xian Eunice"]
[Black "Keneshbekov, Elim"]
[Result "0-1"]
[WhiteElo "1848"]
[BlackElo "1832"]
[EventDate "2025.06.11"]
[Board "5"]

1. e3 Nf6 2. c4 g6 3. d4 Bg7 4. Nc3 O-O 5. Nf3 d6 6. Bd3 Re8 7. e4 e5 8. d5
h6 9. O-O a5 10. h3 Na6 11. Be3 Qe7 12. Re1 Nh5 13. Rc1 Bd7 14. a3 Rf8 15.
Rb1 Nc5 16. Bc2 a4 17. Bxc5 dxc5 18. Bxa4 Bxa4 19. Nxa4 Nf4 20. Nc3 Ra6 21.
Ne2 Nh5 22. Qd2 Qd7 23. g4 Nf6 24. Ng3 Re8 25. Kg2 Re7 26. Qe3 Qd6 27. b4
Nd7 28. Kh2 Re8 29. Rg1 Rea8 30. Rb3 Ra4 31. Qc3 Qa6 32. b5 Qd6 33. Ne1 Nb6
34. Nd3 Rxc4 35. Qd2 Rd4 36. Ne2 Rxe4 37. f3 Rea4 38. Ng3 Qxd5 39. Qc2 c4
40. Rb4 cxd3 41. Qxc7 Rxb4 42. axb4 Ra2+ 43. Rg2 Rxg2+ 44. Kxg2 d2 0-1

[Event "FIDE World Rapid Team"]
[Site "London ENG"]
[Date "2025.06.13"]
[Round "9.5"]
[White "Sezdbekova, Aizhan"]
[Black "Nayberg, Simona"]
[Result "1-0"]
[WhiteElo "1793"]
[BlackElo "1833"]
[EventDate "2025.06.11"]
[Board "6"]

1. e4 Nf6 2. e5 Nd5 3. d4 d6 4. exd6 exd6 5. c4 Nb6 6. Nc3 Be7 7. Nf3 O-O
8. h3 Re8 9. Be2 Bf6 10. O-O Be6 11. b3 a5 12. a4 d5 13. c5 N6d7 14. Bb2
Nc6 15. Re1 g6 16. Qd2 b6 17. cxb6 cxb6 18. Nb5 Qb8 19. Rac1 Rc8 20. Ba3
Be7 21. Bxe7 Nxe7 22. Bd3 Nf5 23. Ng5 Nf8 24. Nxe6 fxe6 25. Bxf5 gxf5 26.
Qg5+ Kh8 27. Qf6+ Kg8 28. Rcd1 Qf4 29. Rd3 Rc1 30. Rxc1 Qxc1+ 31. Kh2 Re8
32. Nd6 Qc7 33. Rg3+ Ng6 34. Nxe8 Qd7 35. Qxg6+ 1-0

[Event "FIDE World Rapid Team"]
[Site "London ENG"]
[Date "2025.06.13"]
[Round "9.6"]
[White "Bryant, Harry"]
[Black "Skytte, Rasmus"]
[Result "0-1"]
[WhiteElo "2121"]
[BlackElo "2412"]
[EventDate "2025.06.11"]
[Board "1"]

1. e4 d5 2. exd5 Qxd5 3. Nc3 Qa5 4. Nf3 Nf6 5. Bc4 Nc6 6. d4 Bg4 7. h3 Bxf3
8. Qxf3 O-O-O 9. Be3 e5 10. Qf5+ Kb8 11. dxe5 Ba3 12. Bc1 Nd4 13. Qd3 Qxe5+
14. Kf1 Nb3 15. axb3 Rxd3 16. Bxd3 Bc5 17. Bd2 a6 18. g3 h5 19. Kg2 h4 20.
Rhe1 Qd6 21. Bf4 Qc6+ 22. Kg1 hxg3 23. Bxg3 Qf3 24. Ne2 Rxh3 25. Kf1 Rxg3
0-1